| 000 | 00588nam a22002055i 4500 | ||
|---|---|---|---|
| 001 | 13008 | ||
| 003 | ES-MaACL | ||
| 005 | 20230906150451.0 | ||
| 007 | t| | ||
| 008 | 950823s1995 sp ||||0| spa j | ||
| 020 | _a84-605-2099-4 | ||
| 040 |
_aM-BN _bspa _cM-BN |
||
| 080 | _a791.862 | ||
| 100 | 1 |
_aTemes Lhardy, Agustín. _9109665 |
|
| 245 | 1 | 0 |
_aNuevos ensayos taurinos / _cAgustín Temes Lhardy. |
| 260 |
_aMadrid [María de Guzmán, 55] : _bA. Temes, _c1994 [i.e.1995 ] |
||
| 300 |
_a84 p. ; _c20 cm. |
||
| 650 | 1 | 4 |
_aTauromaquia. _917288 |
| 852 |
_aES-MaACL _jL-20339 _bR.124298 |
||
| 999 |
_c13008 _d13008 |
||